| 000 | 00369nam a22001577a 4500 | ||
|---|---|---|---|
| 003 | CEME | ||
| 005 | 20210628205141.0 | ||
| 008 | 210301b xxu||||| |||| 00| 0 eng d | ||
| 040 | _c. | ||
| 082 | _a0333 WAS | ||
| 100 |
_aSae Publications _974187 |
||
| 245 | _aAlternative liquid fuels in transportation | ||
| 260 |
_bPDF _c1991 |
||
| 300 | _aPDF | ||
| 942 |
_cBK _2ddc |
||
| 999 |
_c579746 _d579746 |
||